| 000 | 00499nam a22001697a 4500 | ||
|---|---|---|---|
| 005 | 20240429125312.0 | ||
| 008 | 240429b |||||||| |||| 00| 0 eng d | ||
| 020 | _a9780471448464 | ||
| 082 |
_a005.133 _bTHO-J |
||
| 100 | _aThimas, John | ||
| 245 |
_aJava Testing Patterns / _cMatthew Young, Kyle Brown, Andrew Gilover |
||
| 260 |
_aUSA: _bWiley; _c2004. |
||
| 300 |
_axxii, 400p .: _bill; _c24 cm. |
||
| 650 | _acomputer science/Java Programming language | ||
| 700 | _aMatthew Young, | ||
| 999 |
_c35623 _d35623 |
||